|
|
|
|
| LEADER |
00000nab a2200000 a 4500 |
| 001 |
vtls000170752 |
| 003 |
SK-MaSNL |
| 005 |
20260303073116.0 |
| 008 |
160201c1983 xo 0 cze |
| 015 |
|
|
|a SNBRB19rr/mm-uuuuu
|
| 035 |
|
|
|a CL0180863
|
| 040 |
|
|
|a SNKBUCL
|b slo
|c SNKBUCL
|e AACR2
|
| 041 |
0 |
|
|a cze
|
| 044 |
|
|
|a xo
|c SK
|
| 080 |
|
|
|a 674.093
|2 1981
|
| 100 |
1 |
|
|a Lysý, František
|4 aut
|9 622871
|
| 245 |
1 |
0 |
|a Školní cvičná pila v Liptovském Hrádku
|c František Lysý
|
| 650 |
0 |
7 |
|a píly drevárske
|2 snkbucl
|9 1074208
|
| 650 |
0 |
7 |
|a školská cvičná píla, Liptovský Hrádok
|2 snkbucl
|9 1074209
|
| 655 |
|
7 |
|a články z novín a časopisov
|2 snkbucl
|9 267496
|
| 773 |
0 |
|
|t Drevo
|g Roč. 38, č. 12 (1983), s. 369-370
|
| 850 |
|
|
|a Slovenská národná knižnica v Martine
|a MTA001
|
| 852 |
|
|
|a SNK
|b KIS3GCP
|
| 957 |
|
|
|a 5304
|
| 958 |
|
|
|a RK
|
| 958 |
|
|
|a CZ
|
| 992 |
|
|
|a RBX
|
| 999 |
|
|
|c 1766449
|d 1768379
|